00394nam a22001697a 4500003000400000020001800004082001700022100002100039245003200060250000800092260003800100300000700138650001900145653001400164700002100178700002500199SGT a9789355159502 a617.69bF23M aMalhotra, Taniya aForensics in Prosthodontics a1st aLucknow, IndiabBook Riversc2023 a90 aProsthodontics aForensics aYadav, Bhupender aPhukela, Sumit Singh